| 000 | 00804nab a2200241 u 4500 | ||
|---|---|---|---|
| 001 | 19640 | ||
| 003 | HDC | ||
| 007 | cr bn ---aaaaa | ||
| 008 | 210302c |r|noo 0 a d | ||
| 040 | _aHDC | ||
| 245 | 0 | _aGOV'T TO PROMOTE PRIVATE INVESTMENTS IN NEWLY EMERGING INDUSTRIES | |
| 260 |
_a[No place] : _b[publisher not identified], _c2016 |
||
| 336 |
_atext _2rdacontent |
||
| 337 |
_acomputer _2rdamedia |
||
| 338 |
_aonline resource _2rdacarrier |
||
| 650 |
_aHalal food industry _9128 |
||
| 650 |
_aInvetsmnet _918011 |
||
| 710 | _aTHE KOREA HERALD | ||
| 856 | _zRequest full-text at [email protected] | ||
| 942 | _2lcc | ||
| 942 | _cNEWS | ||
| 942 | _kNWSO 009791 | ||
| 999 |
_c16956 _d16956 |
||